Notre Temps [ 678 ]
<< Retourner aux résultats de la recherche
| Titre : | Notre Temps [ 678 ] |
|---|---|
| Support : | Livres |
| Langue : | Francais |
| Publié : |
2023 Bayard Presse Paris |
| Genre : |
Revues et magazines |
| Sujets : | |
| Étiquettes : |
Pas de tags
|
| LEADER | 00807nas0a2200229 450 | ||
|---|---|---|---|
| 001 | 16868262 | ||
| 011 | |b Br. |d 4,4 | ||
| 100 | |a 20260506d2023 u u0frey01 ba | ||
| 101 | 1 | |a fre |c fre | |
| 102 | |a FR | ||
| 110 | 0 | |a afu 0uu0 | |
| 200 | 0 | |a Notre Temps [ 678 ] |f Georges Sanerot | |
| 207 | 1 | |a 678 | |
| 210 | |a Paris |b 3 Rue Bayard. |c Bayard Presse |d 2023 | ||
| 215 | |a 1 vol. (154 p.) |c couv. ill. coul. ; ill. coul. |d 26x20 cm | ||
| 464 | |a Alzheimer, les avancées qui redonnent espoir | ||
| 464 | |a Vive les chorales ! Pourquoi chanter ensemble fait du bien | ||
| 464 | |a Autonomie, les clés pour rester chez soi plus longtemps | ||
| 676 | |a 070.17 | ||
| 900 | |a Revues et magazines | ||
| 901 | |a Adultes | ||
| 995 | |a Médiathèque |c Médiathèque |f 089021851 |h 089021851 |k 070.17 NOT 678 |o p |q a |r az |e Médiathèque | ||